Comparison of effectiveness of chemical and organic fertilizer on phkaromduol rice cultivar, ប្រៀបធៀបប្រសិទ្ធភាពជីគីមី និងជីធម្មជាតិលើពូជស្រូវផ្ការំដួល (Record no. 7788)

000 -LEADER
fixed length control field 00616nam a22001457a 4500
003 - CONTROL NUMBER IDENTIFIER
control field OSt
005 - DATE AND TIME OF LATEST TRANSACTION
control field 20160324093751.0
008 - FIXED-LENGTH DATA ELEMENTS--GENERAL INFORMATION
fixed length control field 160324b xxu||||| |||| 00| 0 eng d
040 ## - CATALOGING SOURCE
Transcribing agency RUA
082 ## - DEWEY DECIMAL CLASSIFICATION NUMBER
Classification number AGR SEN 2012 B472 Or.1
100 ## - MAIN ENTRY--PERSONAL NAME
9 (RLIN) 8176
Personal name SENG CHANTHY; សេង ចន្ធី
245 ## - TITLE STATEMENT
Title Comparison of effectiveness of chemical and organic fertilizer on phkaromduol rice cultivar, ប្រៀបធៀបប្រសិទ្ធភាពជីគីមី និងជីធម្មជាតិលើពូជស្រូវផ្ការំដួល
300 ## - PHYSICAL DESCRIPTION
Extent ix,49p.
Other physical details ill.
Dimensions 29cm.
942 ## - ADDED ENTRY ELEMENTS (KOHA)
Source of classification or shelving scheme
Koha item type AGR
Holdings
Price effective from Date last seen Permanent Location Not for loan Date acquired Source of classification or shelving scheme Koha item type Lost status Withdrawn status Date last checked out Total Checkouts Shelving location Damaged status Barcode Current Location Full call number
2016-03-242018-03-05Library Block B 2016-03-24 AGR  2018-01-232B472 RUA058200Library Block BAGR SEN 2012 B472 Or.1
មជ្ឈមណ្ឌលឯការនៃសាកលវិទ្យាល័យភូមិន្ទកសិកម្មចំការដូង

Powered by Koha